00310nam a22001097a 4500008004100000020001500041082002400056110003400080245003900114260003800153300000900191230623b xxu||||| |||| 00| 0 eng d a0333440846 23a330.03bPEA 1986 bAberdeen Economic Consultants aThe Dictionary of Modern Economics aLondonbMacmillan Press Ltdc1986 a462p